| 000 | 00406nam a22001817a 4500 | ||
|---|---|---|---|
| 003 | NUST | ||
| 020 | _a9780070671195 | ||
| 038 | _aKhadija | ||
| 082 |
_a670.4223 _bBAW |
||
| 100 |
_aBawa,H S. _986700 |
||
| 245 | _aWorkshop Practice | ||
| 250 | _a2nd ed. | ||
| 260 |
_aNew Delhi : _bTata Migra Hill. _c2014. |
||
| 300 |
_a250 p. ; _b21 cm. |
||
| 500 | _aPaperback. | ||
| 563 | _aPB | ||
| 942 |
_cBK _2ddc |
||
| 999 |
_c33811 _d33811 |
||